I Forgot That You Existed lyrics - Statistics

General Stats
  • This quiz has been taken 195 times
  • The average score is 248 of 293
Answer Stats
Lyrics % Correct
for
100%
forgot
100%
I
100%
that
100%
ya
100%
you
100%
a
99%
existed
99%
But
96%
but
96%
did
96%
did,
96%
it
96%
It
96%
And
95%
and
95%
me
95%
me,
95%
didn't
94%
so
94%
(so,
94%
in
92%
In
92%
who
92%
just
91%
kill
91%
love,
91%
the
91%
thought
91%
would
91%
hate,
90%
isn't
90%
it's
90%
then
90%
indifference
88%
was
88%
nice,
87%
my
86%
some
86%
on
84%
yeah
84%
yeah)
84%
night
83%
How
82%
how
82%
peaceful
82%
wrong,
82%
wrong?
82%
all
81%
one
81%
quiet
81%
magical
79%
to
79%
'bout
78%
Got
78%
days
77%
many
77%
something
77%
were
77%
were,
77%
happened
75%
thinkin'
75%
what
75%
gone,
74%
gone
74%
hard
74%
lessons
74%
of
74%
Sent
74%
Taught
74%
they
74%
are,
73%
message
73%
mind
73%
spend
73%
Your
73%
your
73%
blur
71%
clear
71%
down,
71%
down
71%
from
70%
show
70%
sunshine
70%
away
69%
couldn't
69%
'til
69%
ya
69%
as
68%
Drake,
68%
feelings
68%
lips,
68%
showed
68%
get
66%
ground,
65%
ground
65%
if
64%
out
64%
popcorn
64%
rep
64%
soon
64%
going
62%
started
62%
would've
62%
Would've
62%
hit
61%
livin'
61%
tied
61%
tongue
61%
been
60%
rent,
60%
shade
60%
than
60%
came
58%
Free
58%
Lived
58%
up
58%
Even
57%
more
57%
nobody
57%
right
57%
there,
57%
front
56%
name
55%
row
55%
town,
55%
around
53%
throwin'
53%
whole
53%
yard
53%
school
52%
stuck
52%
tripped
51%
fought
48%
Laughed
48%
No matching quizzes found
Score Distribution
Percent of People with Each Score
Percentile by Number Answered
Your Score History
You have not taken this quiz